| 000 | 00642cam a22002171 4500 | ||
|---|---|---|---|
| 001 | 6511313 | ||
| 003 | ARRUPE | ||
| 005 | 20170111113333.0 | ||
| 008 | 800619s1840 au 000 0 ger | ||
| 010 | _a 53051705 | ||
| 035 | _a(OCoLC)6440591 | ||
| 040 |
_aDLC _cICIU _dDLC |
||
| 042 | _apremarc | ||
| 050 | 0 | 0 | _aPT2250.W4 |
| 100 | 1 |
_aGrillparzer, Franz, _d1791-1872. _928217 |
|
| 245 | 1 | 0 |
_aWeh' dem, der lügt! _bLustspiel in fünf Aufzügen. _cby Grillparzer, Franz |
| 260 |
_aLeipzig _bVerlag Philipp Reclam Jun. _c1944. |
||
| 300 |
_a80p. _c16cm. |
||
| 906 |
_a7 _bcbc _coclcrpl _du _encip _f19 _gy-gencatlg |
||
| 942 |
_2lcc _cMONOGRAPH |
||
| 999 |
_c125931 _d125931 |
||